Pensamiento republicano y derecho constitucional : el problema de la irreelegibilidad en las democracias contemporáneas /

Ensayos que desde la teoría constitucional abordan de manera principal el fenómeno político de la reeleción presidencial y de manera indirecta, el parlamentario, en las democracias republicanas. Los autores, además de abordar la parte teórica de la irreelegibilidad, plantean los casos de Italia, Esp...

Celý popis

Uloženo v:
Podrobná bibliografie
Hlavní autor: García López, Eloy (ed.)
Další autoři: Sánchez Torres, Carlos Ariel (edición) (edición)
Médium: Kniha
Jazyk:španělština
Vydáno: Bogotá, Colombia : Universidad del Rosario, 2007, c2007
Edice:(Textos de Jurisprudencia)
Témata:
Tagy: Přidat tag
Žádné tagy, Buďte první, kdo vytvoří štítek k tomuto záznamu!

MARC

LEADER 00000nam^a2200000^a^4500
001 000301386
005 20250521000000.0
009 20260310112542.353
020 |a 978-958-8298-83-2 
037 |a Acervo ITESO - Biblioteca 
041 |a ESP 
082 |a 342. 06  |b GAR 
100 |a García López, Eloy  |e (ed.) 
245 1 0 |a Pensamiento republicano y derecho constitucional :  |b el problema de la irreelegibilidad en las democracias contemporáneas /  |c Ed. de E. García López, C.A. Sánchez Torres. 
264 4 |a Bogotá, Colombia :  |b Universidad del Rosario,  |c 2007, c2007 
300 |a 288 p. 
336 |a texto  |b txt  |2 rdacontenido 
337 |a sin mediación  |b n  |2 rdamedio 
338 |a volumen  |b nc  |2 rdasoporte 
440 1 |a (Textos de Jurisprudencia) 
520 |a Ensayos que desde la teoría constitucional abordan de manera principal el fenómeno político de la reeleción presidencial y de manera indirecta, el parlamentario, en las democracias republicanas. Los autores, además de abordar la parte teórica de la irreelegibilidad, plantean los casos de Italia, España, Latinoamérica y con mayor amplitud el de la reelección presidencial en Colombia. 
649 |a XX 
650 |a Reelección Política -  |z Teoría -  |x Tema Principal 
650 |a Reelección Política -  |z Latinoamérica 
650 |a Reelección Política -  |z España 
650 |a Reelección Política -  |z Italia 
650 |a Elecciones -  |z Latinoamérica 
650 |a Elecciones -  |z España 
650 |a Elecciones -  |z Italia 
650 |a Derecho Constitucional -  |x Teoría 
650 |a Derecho Constitucional -  |z Latinoamérica 
650 |a Derecho Constitucional -  |z España 
650 |a Derecho Constitucional -  |z Italia 
650 |a Derecho Electoral -  |z Latinoamérica 
650 |a Derecho Electoral -  |z España 
650 |a Derecho Electoral -  |z Italia 
650 |a Derecho Político -  |z Latinoamérica 
650 |a Derecho Político -  |z España 
650 |a Derecho Político -  |z Italia 
650 |a Derecho Público -  |z Latinoamérica 
650 |a Derecho Público -  |z España 
650 |a Derecho Público -  |z Italia 
700 |a Sánchez Torres, Carlos Ariel  |e (edición) 
910 |a Fondo General 
920 |a Impresos - Libros 
930 |a Colección General 
905 |a 101 
901 |a 0500187223  |b IT1  |c ACC  |i C121440  |u 20250521 
902 |a https://opac.biblio.iteso.mx/vufind/Record/000301386